| 000 | 01869cam a22004695a 4500 | ||
|---|---|---|---|
| 001 | 016558770 | ||
| 003 | EG-ScBUE | ||
| 005 | 20241120115652.0 | ||
| 008 | 131125t2015 nyua f d 001 0 eng d | ||
| 020 | _a9781259095641 | ||
| 020 | _a1259095649 | ||
| 040 |
_aStDuBDS _beng _erda _cStDuBDS _dUk _dEG-ScBUE _dEG-ScBUE |
||
| 082 | 0 | 4 |
_a519.5 _bLIN _222 |
| 100 | 1 |
_aLind, Douglas A., _eauthor. _93255 |
|
| 245 | 1 | 0 |
_aStatistical techniques in business & economics / _cDouglas A. Lind, Coastal Carolina University and the University of Toledo, William G. Marchal, The University of Toledo, Samuel A. Wathen, Coastal Carolina University. |
| 246 | 3 | _aStatistical techniques in business and economics | |
| 250 | _aSixteenth edition. | ||
| 250 | _aInternational student edition. | ||
| 264 | 1 |
_aNew York : _bMcGraw Hill Education, _c[2015] |
|
| 264 | 4 | _cc2015 | |
| 300 |
_axxx, 830 pages : _billustrations ; _c27 cm. |
||
| 336 |
_2rdacontent _atext _btxt |
||
| 337 |
_aunmediated _2rdamedia _bn |
||
| 338 |
_avolume _bnc _2rdacarrier |
||
| 490 | 0 | _aMcGraw-Hill/Irwin series in operations and decision sciences | |
| 500 | _aPrevious ed.: New York: McGraw-Hill Irwin, 2012. | ||
| 500 | _aIncludes index. | ||
| 500 | _aIncludes glossary. | ||
| 500 | _aIncludes access online. | ||
| 650 | 7 |
_aCommercial statistics. _2BUEsh _9802 |
|
| 650 | 7 |
_aEconomics _xStatistical methods. _2BUEsh _93258 |
|
| 650 | 7 |
_aCommercial statistics _vProblems, exercises, etc. _2BUEsh _940802 |
|
| 650 | 0 |
_aEconomics _xStatistical methods _vProblems, exercises, etc. _2BUEsh |
|
| 651 | _2BUEsh | ||
| 653 |
_bBUSADM _cAugust 2016 |
||
| 653 |
_bBUSADM _cOctober2016 |
||
| 655 |
_vText book _933728 |
||
| 700 | 1 |
_aMarchal, William G., _eauthor. _93260 |
|
| 700 | 1 |
_aWathen, Samuel Adam, _eauthor. _93261 |
|
| 856 |
_qThis is your free access to connect _uwww.mhhe.com |
||
| 942 |
_2ddc _cBB |
||
| 999 |
_c22199 _d22171 |
||